[Event "46th OKU-C 2019"]
[Site "Utrecht"]
[Date "2019.06.01"]
[Round "4.1"]
[White "Li-Behn, Tobias"]
[Black "Heins, Ricardo"]
[Result "1-0"]
[WhiteElo "1237"]
[BlackElo "1430"]
[Annotator "NA RC"]
[PlyCount "174"]
[EventDate "2019.05.31"]
[EventType "swiss"]
[EventCountry "NED"]
[SourceTitle "playchess.com"]
[Source "ChessBase"]
[SourceQuality "1"]
[TimeControl "6600+10"]

1. d4 {[%emt 0:00:00]} d5 {[%emt 0:00:00]} 2. Bf4 {[%emt 0:00:00]} Nf6 {[%emt 0:00:06]} 3. Nf3 {[%emt 0:00:06]} e6 {[%emt 0:00:12]} 4. e3 {[%emt 0:00:25]} Bd6 {[%emt 0:00:21]} 5. Bg3 {[%emt 0:00:03]} O-O {[%emt 0:00:32]} 6. Bd3 {[%emt 0:00:12]} c5 {[%emt 0:00:26]} 7. c3 {[%emt 0:00:59]} c4 {[%emt 0:00:06]} 8. Bc2 {[%emt 0:00:03]} Nc6 {[%emt 0:00:21]} 9. Nbd2 {[%emt 0:00:19]} Qc7 {[%emt 0:00:35]} 10. Qe2 {[%emt 0:01:29]} b5 {[%emt 0:00:25]} 11. e4 {[%emt 0:01:18]} dxe4 {[%emt 0:01:32]} 12. Nxe4 {[%emt 0:00:07]} Nxe4 {[%emt 0:00:30]} 13. Bxe4 {[%emt 0:00:48]} Rb8 {[%emt 0:00:33]} 14. Bxd6 {[%emt 0:03:57]} Qxd6 {[%emt 0:00:15]} 15. O-O {[%emt 0:00:03]} Ne7 {[%emt 0:00:32]} 16. Rfe1 {[%emt 0:03:55]} Bb7 {[%emt 0:00:16]} 17. Bxb7 {[%emt 0:02:45]} Rxb7 {[%emt 0:00:13]} 18. Qc2 {[%emt 0:00:02]} h6 {[%emt 0:00:57]} 19. Nd2 {[%emt 0:02:07]} Ng6 {[%emt 0:00:48]} 20. a4 {[%emt 0:02:20]} a6 {[%emt 0:00:15]} 21. Ne4 {[%emt 0:00:36]} Qd5 {[%emt 0:01:09]} 22. Nc5 {[%emt 0:00:58]} Rb6 {[%emt 0:00:18]} 23. g3 {[%emt 0:03:02]} Rd6 {[%emt 0:00:33]} 24. axb5 {[%emt 0:01:51]} axb5 {[%emt 0:00:07]} 25. Ra5 {[%emt 0:01:17]} Rb8 {[%emt 0:01:39]} 26. Na6 {[%emt 0:02:45]} Rbb6 {[%emt 0:01:12]} 27. Nb4 {[%emt 0:01:48]} Qb7 {[%emt 0:01:06]} 28. Rea1 {[%emt 0:00:49]} Rd8 {[%emt 0:02:29]} 29. Qe2 {[%emt 0:00:47]} Qe7 {[%emt 0:00:45]} 30. Qf3 {[%emt 0:05:00]} Qg5 {[%emt 0:00:42]} 31. Ra7 {[%emt 0:02:48]} Rf8 {[%emt 0:00:17]} 32. Qe2 {[%emt 0:01:07]} Nf4 {[%emt 0:00:22]} 33. Qd1 {[%emt 0:02:38]} Nd5 {[%emt 0:01:10]} 34. Nxd5 {[%emt 0:02:50]} Qxd5 {[%emt 0:00:31]} 35. Qe2 {[%emt 0:00:57]} Rfb8 {[%emt 0:00:44]} 36. R1a5 {[%emt 0:02:14]} Qf5 {[%emt 0:01:24]} 37. Kg2 {[%emt 0:02:17]} Qd5+ {[%emt 0:03:22]} 38. Qf3 {[%emt 0:01:00]} Qxf3+ {[%emt 0:00:52]} 39. Kxf3 {[%emt 0:00:02]} g6 {[%emt 0:01:13]} 40. Rc7 {[%emt 0:00:23]} R6b7 {[%emt 0:00:11]} 41. Rc5 {[%emt 0:00:17]} f6 {[%emt 0:01:10]} 42. Ra6 {[%emt 0:00:40]} Rb6 {[%emt 0:00:21]} 43. Rc8+ {[%emt 0:00:43]} Rxc8 {[%emt 0:04:47]} 44. Rxb6 {[%emt 0:00:32]} Kf7 {[%emt 0:00:19]} 45. Rxb5 {[%emt 0:00:31]} Rc7 {[%emt 0:00:13]} 46. h4 {[%emt 0:00:55]} h5 {[%emt 0:00:07]} 47. Ke3 {[%emt 0:00:05]} Ke7 {[%emt 0:00:23]} 48. f3 {[%emt 0:01:12]} Kf7 {[%emt 0:00:32]} 49. Kf4 {[%emt 0:01:43]} Kg7 {[%emt 0:00:36]} 50. g4 {[%emt 0:01:58]} hxg4 {[%emt 0:01:07]} 51. Kxg4 {[%emt 0:00:02]} Kf7 {[%emt 0:00:57]} 52. f4 {[%emt 0:00:32]} Kg7 {[%emt 0:02:02]} 53. h5 {[%emt 0:01:57]} gxh5+ {[%emt 0:01:04]} 54. Kxh5 {[%emt 0:00:02]} Kf7 {[%emt 0:00:43]} 55. Kh6 {[%emt 0:00:17]} Ke7 {[%emt 0:02:35]} 56. Kg6 {[%emt 0:01:13]} Rd7 {[%emt 0:01:39]} 57. f5 {[%emt 0:02:51]} exf5 {[%emt 0:02:24]} 58. Kxf5 {[%emt 0:01:34]} Rd8 {[%emt 0:02:33]} 59. Rb7+ {[%emt 0:01:03]} Kd6 {[%emt 0:00:25]} 60. Kxf6 {[%emt 0:01:02]} Rf8+ {[%emt 0:00:16]} 61. Rf7 {[%emt 0:00:18]} Rb8 {[%emt 0:00:09]} 62. Ra7 {[%emt 0:03:12]} Rxb2 {[%emt 0:00:15]} 63. Ra6+ {[%emt 0:00:27]} Kd5 {[%emt 0:00:11]} 64. Ra5+ {[%emt 0:00:05]} Kd6 {[%emt 0:00:43]} 65. Rc5 {[%emt 0:00:36]} Rf2+ {[%emt 0:00:30]} 66. Kg5 {[%emt 0:00:02]} Rg2+ {[%emt 0:01:42]} 67. Kf4 {[%emt 0:00:08]} Rd2 {[%emt 0:01:15]} 68. Rxc4 {[%emt 0:00:43]} Rh2 {[%emt 0:00:20]} 69. Rc5 {[%emt 0:00:11]} Ke6 {[%emt 0:00:36]} 70. Ke4 {[%emt 0:00:22]} Rh4+ {[%emt 0:00:22]} 71. Kd3 {[%emt 0:00:01]} Kd6 {[%emt 0:00:15]} 72. Kc4 {[%emt 0:00:45]} Rg4 {[%emt 0:00:23]} 73. Ra5 {[%emt 0:00:53]} Kc6 {[%emt 0:00:22]} 74. Ra6+ {[%emt 0:00:18]} Kb7 {[%emt 0:00:11]} 75. Rd6 {[%emt 0:00:15]} Kc7 {[%emt 0:00:08]} 76. Kc5 {[%emt 0:01:45]} Rg3 {[%emt 0:00:36]} 77. c4 {[%emt 0:00:13]} Rg5+ {[%emt 0:00:36]} 78. d5 {[%emt 0:00:54]} Rg1 {[%emt 0:00:08]} 79. Ra6 {[%emt 0:00:20]} Rc1 {[%emt 0:00:28]} 80. d6+ {[%emt 0:00:42]} Kd7 {[%emt 0:00:35]} 81. Ra7+ {[%emt 0:00:21]} Kd8 {[%emt 0:00:07]} 82. d7 {[%emt 0:01:43]} Rc2 {[%emt 0:00:15]} 83. Kd6 {[%emt 0:00:45]} Rd2+ {[%emt 0:00:06]} 84. Kc6 {[%emt 0:00:30]} Rd4 {[%emt 0:00:30]} 85. c5 {[%emt 0:00:32]} Rd3 {[%emt 0:00:50]} 86. Ra8+ {[%emt 0:00:28]} Ke7 {[%emt 0:00:05]} 87. Re8+ {[%emt 0:00:04]} Kf7 {[%emt 0:00:44]} 1-0

[Event "46th OKU-C 2019"]
[Site "Utrecht"]
[Date "2019.06.01"]
[Round "4.2"]
[White "Beaumont, Chris R"]
[Black "Kruisselbrink, Jan"]
[Result "1-0"]
[WhiteElo "2264"]
[BlackElo "1579"]
[Annotator "TA"]
[PlyCount "53"]
[EventDate "2019.05.31"]
[EventType "swiss"]
[EventCountry "NED"]
[SourceTitle "playchess.com"]
[Source "ChessBase"]
[SourceQuality "1"]

{[%evp 12,53,5,-5,6,-6,-9,-10,-11,-12,9,7,11,-13,14,0,34,19,45,41,62,42,62,48,116,112,160,160,200,171,377,335,654,655,602,515,853,839,792,667,891,895,735,519]} 1. Nf3 Nf6 2. d4 d5 3. g3 g6 4. Bg2 Bg7 5. c3 O-O 6. O-O Nbd7 7. Nbd2 b6 {D02: 1 d4 d5 2 Nf3 sidelines, including 2...Nf6 3 g3 and 2...Nf6 3 Bf4} (7... Re8 8. e4 Nxe4 9. Nxe4 dxe4 10. Ng5 Nf6 11. Qb3 e6 12. Re1 a5 13. a4 Ra6 14. Nxe4 {½-½ (14) Sanal,V (2542)-Predojevic,B (2614) Ruma 2017}) 8. b3 Bb7 9. Bb2 c5 {The position is equal.} 10. e3 cxd4 $146 ({Predecessor:} 10... Qc7 11. Rc1 Rac8 12. Qc2 Qb8 13. Rfe1 Qa8 14. Nh4 Rc7 {½-½ (14) Bockheim,G (1557)-Al Mansour,A Cagliari 2018}) 11. exd4 e6 12. Rc1 Rb8 13. Re1 Bh6 14. Rc2 Ba6 15. Ne5 {And now Nc6 would win.} Bb7 16. f4 Bg7 17. Qe2 Qc8 ({Black should try} 17... Re8 $14) 18. Rec1 $16 Nxe5 19. fxe5 Nh5 20. c4 Ba6 $2 {[#]} (20... dxc4 {is a better defense.} 21. Nxc4 (21. Rxc4 Qd8 $16) 21... Bxg2) 21. Qe3 $18 Bh8 $2 (21... f5 22. cxd5 {[%mdl 64] Discovered Attack} Qe8) 22. cxd5 {White is clearly winning.} Qd8 23. d6 Bb7 (23... Ng7 $142 24. g4 Bb5) 24. Bxb7 Rxb7 25. Rc7 Rb8 26. d7 Qe7 27. Nb1 {Accuracy: White = 69%, Black =  5%.} 1-0

[Event "46th OKU-C 2019"]
[Site "Utrecht"]
[Date "2019.06.01"]
[Round "4.3"]
[White "Schonewille, Midas"]
[Black "Van Manen, Siebe"]
[Result "1-0"]
[WhiteElo "1506"]
[BlackElo "1559"]
[Annotator "NA RC"]
[PlyCount "43"]
[EventDate "2019.05.31"]
[EventType "swiss"]
[EventCountry "NED"]
[SourceTitle "playchess.com"]
[Source "ChessBase"]
[SourceQuality "1"]
[TimeControl "6600+10"]

1. d4 {[%emt 0:00:00]} d5 {[%emt 0:00:00]} 2. Bf4 {[%emt 0:00:08]} Bf5 {[%emt 0:00:53]} 3. Nc3 {[%emt 0:00:44]} a6 {[%emt 0:01:49]} 4. e3 {[%emt 0:01:00]} e6 {[%emt 0:02:04]} 5. Nf3 {[%emt 0:05:01]} Bd6 {[%emt 0:06:22]} 6. Bg3 {[%emt 0:02:29]} Bxg3 {[%emt 0:01:35]} 7. hxg3 {[%emt 0:00:34]} Bg4 {[%emt 0:02:58]} 8. Qd2 {[%emt 0:02:08]} Nf6 {[%emt 0:01:13]} 9. Ne5 {[%emt 0:02:22]} Bf5 {[%emt 0:01:21]} 10. Be2 {[%emt 0:03:35]} Ne4 {[%emt 0:02:12]} 11. Nxe4 {[%emt 0:00:55]} Bxe4 {[%emt 0:00:07]} 12. f3 {[%emt 0:00:27]} f6 {[%emt 0:27:00]} 13. fxe4 {[%emt 0:03:02]} fxe5 {[%emt 0:02:18]} 14. Bh5+ {[%emt 0:02:31]} Kd7 {[%emt 0:03:06]} 15. exd5 {[%emt 0:05:27]} Qg5 {[%emt 0:02:23]} 16. dxe6+ {[%emt 0:01:17]} Kxe6 {[%emt 0:00:59]} 17. O-O-O {[%emt 0:02:30]} Qxg3 {[%emt 0:00:54]} 18. Qe2 {[%emt 0:03:29]} Qg5 {[%emt 0:02:24]} 19. Qc4+ {[%emt 0:01:36]} Ke7 {[%emt 0:02:03]} 20. Qf7+ {[%emt 0:03:08]} Kd8 {[%emt 0:02:23]} 21. dxe5+ {[%emt 0:00:34]} Kc8 {[%emt 0:00:10]} 22. Qe6+ {[%emt 0:01:06]} 1-0

[Event "46th OKU-C 2019"]
[Site "Utrecht"]
[Date "2019.06.02"]
[Round "5.1"]
[White "Li-Behn, Tobias"]
[Black "Van Egmond, Tom"]
[Result "0-1"]
[WhiteElo "1237"]
[BlackElo "1492"]
[Annotator "NA"]
[PlyCount "88"]
[EventDate "2019.05.31"]
[EventType "swiss"]
[EventCountry "NED"]
[SourceTitle "playchess.com"]
[Source "ChessBase"]
[SourceQuality "1"]
[TimeControl "6600+10"]

1. d4 {[%emt 0:00:00]} c5 {[%emt 0:00:11]} 2. dxc5 {[%emt 0:00:36]} Nc6 {[%emt 0:00:18]} 3. Nf3 {[%emt 0:01:51]} e5 {[%emt 0:00:11]} 4. e4 {[%emt 0:00:20]} Bxc5 {[%emt 0:00:13]} 5. c3 {[%emt 0:00:40]} Nf6 {[%emt 0:00:29]} 6. Bd3 {[%emt 0:00:15]} h6 {[%emt 0:03:15]} 7. h3 {[%emt 0:02:23]} O-O {[%emt 0:00:11]} 8. O-O {[%emt 0:00:10]} d6 {[%emt 0:01:17]} 9. Nbd2 {[%emt 0:01:16]} Be6 {[%emt 0:08:00]} 10. b4 {[%emt 0:02:16]} Bb6 {[%emt 0:00:45]} 11. Qe2 {[%emt 0:01:54]} Nh5 {[%emt 0:06:41]} 12. Nc4 {[%emt 0:02:21]} Ng3 {[%emt 0:00:26]} 13. Qc2 {[%emt 0:02:39]} Nxf1 {[%emt 0:00:18]} 14. Kxf1 {[%emt 0:00:10]} Qf6 {[%emt 0:07:27]} 15. Nxb6 {[%emt 0:02:39]} axb6 {[%emt 0:00:19]} 16. a4 {[%emt 0:00:32]} Bxh3 {[%emt 0:00:24]} 17. Ng1 {[%emt 0:01:12]} Bd7 {[%emt 0:04:13]} 18. Be3 {[%emt 0:00:20]} d5 {[%emt 0:09:15]} 19. b5 {[%emt 0:04:14]} dxe4 {[%emt 0:01:24]} 20. Bxe4 {[%emt 0:00:23]} Nd8 {[%emt 0:01:37]} 21. c4 {[%emt 0:01:06]} Kh8 {[%emt 0:05:08]} 22. Ne2 {[%emt 0:03:33]} Be6 {[%emt 0:04:45]} 23. Bxb6 {[%emt 0:03:28]} Bxc4 {[%emt 0:00:25]} 24. Bxd8 {[%emt 0:00:22]} Bxe2+ {[%emt 0:00:05]} 25. Qxe2 {[%emt 0:00:56]} Rfxd8 {[%emt 0:01:42]} 26. Bxb7 {[%emt 0:00:32]} e4 {[%emt 0:01:17]} 27. Ra2 {[%emt 0:01:23]} Qh4 {[%emt 0:00:16]} 28. Kg1 {[%emt 0:01:11]} Ra7 {[%emt 0:00:55]} 29. Bc6 {[%emt 0:04:17]} e3 {[%emt 0:10:32]} 30. g3 {[%emt 0:05:38]} exf2+ {[%emt 0:00:25]} 31. Kxf2 {[%emt 0:00:15]} Qd4+ {[%emt 0:07:17]} 32. Qe3 {[%emt 0:02:42]} Rxa4 {[%emt 0:00:20]} 33. Re2 {[%emt 0:05:38]} Qxe3+ {[%emt 0:03:31]} 34. Rxe3 {[%emt 0:00:03]} Rb4 {[%emt 0:03:22]} 35. Re7 {[%emt 0:02:56]} Kg8 {[%emt 0:00:00]} 36. Rb7 {[%emt 0:01:11]} g6 {[%emt 0:00:00]} 37. Kf3 {[%emt 0:00:27]} Kg7 {[%emt 0:00:00]} 38. Re7 {[%emt 0:01:36]} Rd3+ {[%emt 0:00:57]} 39. Kg2 {[%emt 0:00:44]} Rd2+ {[%emt 0:00:29]} 40. Kf3 {[%emt 0:00:51]} Rdb2 {[%emt 0:00:28]} 41. Re5 {[%emt 0:00:14]} Kf6 {[%emt 0:00:26]} 42. Rd5 {[%emt 0:00:09]} h5 {[%emt 0:01:24]} 43. Rd6+ {[%emt 0:02:44]} Ke5 {[%emt 0:00:08]} 44. Rd7 {[%emt 0:00:42]} R4b3+ {[%emt 0:00:01]} 0-1

[Event "46th OKU-C 2019"]
[Site "Utrecht"]
[Date "2019.06.02"]
[Round "5.2"]
[White "Van Essen, Marieke"]
[Black "Van den Akker, Bart"]
[Result "1-0"]
[WhiteElo "1553"]
[BlackElo "1503"]
[Annotator "NA"]
[PlyCount "73"]
[EventDate "2019.05.31"]
[EventType "swiss"]
[EventCountry "NED"]
[SourceTitle "playchess.com"]
[Source "ChessBase"]
[SourceQuality "1"]
[TimeControl "6600+10"]

1. e4 {[%emt 0:00:00]} e5 {[%emt 0:00:01]} 2. Nf3 {[%emt 0:00:00]} Nc6 {[%emt 0:00:08]} 3. Bc4 {[%emt 0:00:00]} Be7 {[%emt 0:00:28]} 4. Nc3 {[%emt 0:00:19]} d6 {[%emt 0:00:52]} 5. h3 {[%emt 0:00:04]} Nf6 {[%emt 0:00:44]} 6. O-O {[%emt 0:03:01]} O-O {[%emt 0:00:13]} 7. Re1 {[%emt 0:00:08]} b6 {[%emt 0:02:57]} 8. d4 {[%emt 0:02:05]} exd4 {[%emt 0:01:05]} 9. Nxd4 {[%emt 0:00:16]} Nxd4 {[%emt 0:03:43]} 10. Qxd4 {[%emt 0:00:10]} Bb7 {[%emt 0:01:31]} 11. Bf4 {[%emt 0:02:05]} a6 {[%emt 0:26:46]} 12. a4 {[%emt 0:04:08]} c5 {[%emt 0:01:53]} 13. Qe3 {[%emt 0:02:25]} Qd7 {[%emt 0:10:49]} 14. Rad1 {[%emt 0:02:32]} Qc6 {[%emt 0:04:01]} 15. Bd5 {[%emt 0:01:18]} Qc7 {[%emt 0:01:18]} 16. Bxb7 {[%emt 0:02:44]} Qxb7 {[%emt 0:00:18]} 17. Bxd6 {[%emt 0:00:22]} Ne8 {[%emt 0:02:41]} 18. Bxe7 {[%emt 0:02:03]} Qxe7 {[%emt 0:00:30]} 19. Nd5 {[%emt 0:00:03]} Qb7 {[%emt 0:01:40]} 20. Qg3 {[%emt 0:03:32]} Kh8 {[%emt 0:07:18]} 21. Qe5 {[%emt 0:13:19]} Ra7 {[%emt 0:04:02]} 22. Rd3 {[%emt 0:03:21]} f6 {[%emt 0:03:53]} 23. Qe6 {[%emt 0:02:01]} b5 {[%emt 0:00:14]} 24. a5 {[%emt 0:05:23]} Qf7 {[%emt 0:02:43]} 25. Qxf7 {[%emt 0:11:17]} Raxf7 {[%emt 0:00:08]} 26. Nb6 {[%emt 0:00:55]} Rc7 {[%emt 0:04:01]} 27. Rd8 {[%emt 0:01:03]} Rg8 {[%emt 0:02:43]} 28. Red1 {[%emt 0:01:48]} Ra7 {[%emt 0:02:44]} 29. Rc8 {[%emt 0:01:58]} Re7 {[%emt 0:04:45]} 30. f3 {[%emt 0:01:32]} c4 {[%emt 0:01:12]} 31. Rdd8 {[%emt 0:00:16]} f5 {[%emt 0:06:01]} 32. Nd5 {[%emt 0:00:34]} Re5 {[%emt 0:01:14]} 33. Nc7 {[%emt 0:00:26]} Nf6 {[%emt 0:01:00]} 34. Rxg8+ {[%emt 0:01:20]} Nxg8 {[%emt 0:00:12]} 35. Nxa6 {[%emt 0:00:26]} b4 {[%emt 0:01:44]} 36. exf5 {[%emt 0:01:15]} Rxa5 {[%emt 0:00:47]} 37. Nxb4 {[%emt 0:00:08]} 1-0

[Event "46th OKU-C 2019"]
[Site "Utrecht"]
[Date "2019.06.02"]
[Round "5.3"]
[White "Schonewille, Midas"]
[Black "Van Duijl, Henri"]
[Result "0-1"]
[WhiteElo "1506"]
[BlackElo "1495"]
[Annotator "NA"]
[PlyCount "66"]
[EventDate "2019.05.31"]
[EventType "swiss"]
[EventCountry "NED"]
[SourceTitle "playchess.com"]
[Source "ChessBase"]
[SourceQuality "1"]
[TimeControl "6600+10"]

1. d4 {[%emt 0:04:38]} f5 {[%emt 0:00:05]} 2. Nc3 {[%emt 0:01:04]} Nf6 {[%emt 0:01:46]} 3. Bg5 {[%emt 0:00:49]} e6 {[%emt 0:03:33]} 4. a3 {[%emt 0:04:07]} Be7 {[%emt 0:01:42]} 5. Bxf6 {[%emt 0:01:14]} Bxf6 {[%emt 0:00:29]} 6. e3 {[%emt 0:00:55]} Qe7 {[%emt 0:02:27]} 7. Bc4 {[%emt 0:06:52]} d5 {[%emt 0:10:12]} 8. Bd3 {[%emt 0:01:37]} c6 {[%emt 0:04:16]} 9. Qd2 {[%emt 0:04:31]} Nd7 {[%emt 0:02:55]} 10. O-O-O {[%emt 0:01:08]} Nb6 {[%emt 0:00:07]} 11. Nce2 {[%emt 0:05:19]} Bd7 {[%emt 0:02:57]} 12. Nf3 {[%emt 0:03:39]} O-O-O {[%emt 0:07:17]} 13. Kb1 {[%emt 0:04:37]} Kb8 {[%emt 0:03:03]} 14. Nc1 {[%emt 0:06:19]} c5 {[%emt 0:14:25]} 15. dxc5 {[%emt 0:05:55]} Qxc5 {[%emt 0:03:31]} 16. Nb3 {[%emt 0:00:37]} Qc7 {[%emt 0:02:36]} 17. Nfd4 {[%emt 0:02:37]} Nc4 {[%emt 0:07:05]} 18. Qe2 {[%emt 0:06:24]} Rc8 {[%emt 0:03:09]} 19. Rc1 {[%emt 0:07:18]} Qb6 {[%emt 0:02:32]} 20. Rhd1 {[%emt 0:06:15]} Rhe8 {[%emt 0:04:43]} 21. Ka2 {[%emt 0:05:34]} g6 {[%emt 0:03:39]} 22. f4 {[%emt 0:01:58]} Ba4 {[%emt 0:07:18]} 23. Bxc4 {[%emt 0:04:03]} dxc4 {[%emt 0:06:25]} 24. Nd2 {[%emt 0:03:48]} c3 {[%emt 0:02:58]} 25. N2b3 {[%emt 0:02:57]} cxb2 {[%emt 0:01:09]} 26. Kxb2 {[%emt 0:00:47]} Bxb3 {[%emt 0:01:35]} 27. cxb3 {[%emt 0:00:31]} Rxc1 {[%emt 0:01:35]} 28. Kxc1 {[%emt 0:00:20]} Bxd4 {[%emt 0:02:06]} 29. exd4 {[%emt 0:02:55]} Qxb3 {[%emt 0:00:21]} 30. Rd3 {[%emt 0:00:22]} Rc8+ {[%emt 0:00:28]} 31. Kd2 {[%emt 0:00:33]} Rc2+ {[%emt 0:01:14]} 32. Ke3 {[%emt 0:01:33]} Rxe2+ {[%emt 0:00:43]} 33. Kxe2 {[%emt 0:00:09]} Qd5 {[%emt 0:01:18]} 0-1

[Event "46th OKU-C 2019"]
[Site "Utrecht"]
[Date "2019.06.02"]
[Round "5.4"]
[White "Smits, Marc"]
[Black "Beaumont, Chris R"]
[Result "1/2-1/2"]
[WhiteElo "1570"]
[BlackElo "2264"]
[Annotator "ChessBase"]
[PlyCount "109"]
[EventDate "2019.05.31"]
[EventType "swiss"]
[EventCountry "NED"]
[SourceTitle "playchess.com"]
[Source "ChessBase"]
[SourceQuality "1"]
[TimeControl "6600+10"]

1. e4 {[%emt 0:11:42]} e6 {[%emt 0:00:05]} 2. Nf3 {[%emt 0:00:05]} c5 {[%emt 0:00:21]} 3. Be2 {[%emt 0:00:18]} Nc6 {[%emt 0:00:49]} 4. O-O {[%emt 0:05:29]} Be7 {[%emt 0:00:31]} 5. Nc3 {[%emt 0:01:39]} Nf6 {[%emt 0:00:52]} 6. d3 {[%emt 0:01:08]} O-O {[%emt 0:00:15]} 7. e5 {[%emt 0:00:18]} Ne8 {[%emt 0:00:53]} 8. Ne4 {[%emt 0:00:59]} d5 {[%emt 0:00:19]} 9. Neg5 {[%emt 0:00:42]} h6 {[%emt 0:01:26]} 10. Nh3 {[%emt 0:00:34]} b5 {[%emt 0:00:27]} 11. Bd2 {[%emt 0:01:01]} Bb7 {[%emt 0:00:55]} 12. Qc1 {[%emt 0:00:32]} Kh7 {[%emt 0:01:05]} 13. d4 {[%emt 0:09:52]} g5 {[%emt 0:02:44]} 14. Bd3+ {[%emt 0:03:37]} Kh8 {[%emt 0:00:36]} 15. Bxg5 {[%emt 0:05:13]} hxg5 {[%emt 0:00:49]} 16. Nfxg5 {[%emt 0:00:11]} Kg7 {[%emt 0:00:41]} 17. Qf4 {[%emt 0:03:18]} Bxg5 {[%emt 0:01:36]} 18. Nxg5 {[%emt 0:02:02]} Qe7 {[%emt 0:00:43]} 19. Qg3 {[%emt 0:00:54]} f6 {[%emt 0:02:08]} 20. Nh3+ {[%emt 0:06:36]} Kh8 {[%emt 0:00:29]} 21. Qh4+ {[%emt 0:01:11]} Kg8 {[%emt 0:00:17]} 22. Nf4 {[%emt 0:03:50]} fxe5 {[%emt 0:02:22]} 23. Qxe7 {[%emt 0:00:19]} Nxe7 {[%emt 0:00:22]} 24. Nxe6 {[%emt 0:00:15]} Rf6 {[%emt 0:00:55]} 25. Nxc5 {[%emt 0:00:12]} Bc6 {[%emt 0:01:07]} 26. dxe5 {[%emt 0:00:12]} Rh6 {[%emt 0:00:35]} 27. f4 {[%emt 0:00:56]} Nc7 {[%emt 0:01:38]} 28. f5 {[%emt 0:03:54]} Kf7 {[%emt 0:00:11]} 29. Rae1 {[%emt 0:06:07]} Rah8 {[%emt 0:01:33]} 30. h3 {[%emt 0:05:32]} Rg8 {[%emt 0:00:20]} 31. f6 {[%emt 0:01:02]} d4 {[%emt 0:01:14]} 32. Rf2 {[%emt 0:03:02]} Ne6 {[%emt 0:00:58]} 33. fxe7+ {[%emt 0:01:47]} Kxe7 {[%emt 0:00:08]} 34. Nxe6 {[%emt 0:01:05]} Kxe6 {[%emt 0:00:12]} 35. Bf5+ {[%emt 0:00:58]} Ke7 {[%emt 0:00:20]} 36. Rd1 {[%emt 0:01:56]} Rh4 {[%emt 0:00:56]} 37. Bg4 {[%emt 0:06:14]} Bd7 {[%emt 0:00:47]} 38. Bxd7 {[%emt 0:02:59]} Kxd7 {[%emt 0:00:07]} 39. Rd3 {[%emt 0:01:44]} Ke6 {[%emt 0:00:16]} 40. Rf6+ {[%emt 0:01:19]} Kxe5 {[%emt 0:00:12]} 41. Rf7 {[%emt 0:00:05]} a6 {[%emt 0:00:54]} 42. Ra7 {[%emt 0:00:55]} Rg6 {[%emt 0:00:10]} 43. Ra3 {[%emt 0:00:55]} Re4 {[%emt 0:00:15]} 44. R7xa6 {[%emt 0:00:26]} Rg5 {[%emt 0:00:19]} 45. Rb6 {[%emt 0:00:23]} Re1+ {[%emt 0:00:37]} 46. Kf2 {[%emt 0:00:11]} Rc1 {[%emt 0:00:14]} 47. Rxb5+ {[%emt 0:00:07]} Kf6 {[%emt 0:00:15]} 48. Rxg5 {[%emt 0:00:47]} Kxg5 {[%emt 0:00:12]} 49. Ke2 {[%emt 0:01:07]} Rxc2+ {[%emt 0:00:15]} 50. Kd3 {[%emt 0:00:08]} Rxg2 {[%emt 0:00:15]} 51. b4 {[%emt 0:00:14]} Rg3+ {[%emt 0:00:12]} 52. Kxd4 {[%emt 0:00:19]} Rxa3 {[%emt 0:00:09]} 53. b5 {[%emt 0:00:41]} Rxa2 {[%emt 0:00:07]} 54. b6 {[%emt 0:01:02]} Rb2 {[%emt 0:00:13]} 55. Kc5 {[%emt 0:00:08]} 1/2-1/2

[Event "46th OKU-C 2019"]
[Site "Utrecht"]
[Date "2019.06.02"]
[Round "6.1"]
[White "Van Egmond, Tom"]
[Black "Van Essen, Marieke"]
[Result "1/2-1/2"]
[WhiteElo "1492"]
[BlackElo "1553"]
[Annotator "NA"]
[PlyCount "100"]
[EventDate "2019.05.31"]
[EventType "swiss"]
[EventCountry "NED"]
[SourceTitle "playchess.com"]
[Source "ChessBase"]
[SourceQuality "1"]
[TimeControl "6600+10"]

1. Nf3 {[%emt 0:00:00]} Nf6 {[%emt 0:00:03]} 2. c4 {[%emt 0:00:08]} d5 {[%emt 0:01:08]} 3. d4 {[%emt 0:06:33]} g6 {[%emt 0:00:49]} 4. Nc3 {[%emt 0:00:17]} Bg7 {[%emt 0:00:43]} 5. Bf4 {[%emt 0:01:09]} Nc6 {[%emt 0:04:06]} 6. e3 {[%emt 0:01:32]} O-O {[%emt 0:03:58]} 7. Be2 {[%emt 0:00:36]} e6 {[%emt 0:00:56]} 8. O-O {[%emt 0:00:31]} b6 {[%emt 0:07:39]} 9. Nb5 {[%emt 0:02:01]} a6 {[%emt 0:02:41]} 10. Nc3 {[%emt 0:02:39]} Bb7 {[%emt 0:05:19]} 11. h3 {[%emt 0:01:28]} Ne7 {[%emt 0:03:54]} 12. b4 {[%emt 0:04:16]} dxc4 {[%emt 0:04:08]} 13. Bxc4 {[%emt 0:01:26]} Nfd5 {[%emt 0:00:44]} 14. Nxd5 {[%emt 0:01:03]} Nxd5 {[%emt 0:01:31]} 15. Bxd5 {[%emt 0:00:52]} Bxd5 {[%emt 0:00:46]} 16. Re1 {[%emt 0:01:05]} f5 {[%emt 0:03:56]} 17. a3 {[%emt 0:03:14]} c5 {[%emt 0:05:23]} 18. Rc1 {[%emt 0:04:52]} c4 {[%emt 0:01:57]} 19. Nd2 {[%emt 0:00:23]} b5 {[%emt 0:00:47]} 20. Nb1 {[%emt 0:00:59]} Qh4 {[%emt 0:06:53]} 21. Nd2 {[%emt 0:03:53]} Qd8 {[%emt 0:02:08]} 22. Nb1 {[%emt 0:00:30]} Qb6 {[%emt 0:07:59]} 23. f3 {[%emt 0:06:14]} Rfe8 {[%emt 0:01:50]} 24. Bg3 {[%emt 0:05:20]} g5 {[%emt 0:02:33]} 25. Bf2 {[%emt 0:10:12]} Qb7 {[%emt 0:02:51]} 26. Nc3 {[%emt 0:04:11]} a5 {[%emt 0:01:17]} 27. Ra1 {[%emt 0:04:30]} axb4 {[%emt 0:01:55]} 28. axb4 {[%emt 0:00:09]} Bf8 {[%emt 0:01:31]} 29. e4 {[%emt 0:02:00]} Bxb4 {[%emt 0:02:48]} 30. exd5 {[%emt 0:06:12]} Bxc3 {[%emt 0:00:56]} 31. Rxa8 {[%emt 0:00:08]} Rxa8 {[%emt 0:00:18]} 32. Qe2 {[%emt 0:04:20]} Bxe1 {[%emt 0:01:19]} 33. Qxe6+ {[%emt 0:00:07]} Qf7 {[%emt 0:00:04]} 34. Bxe1 {[%emt 0:00:10]} Qxe6 {[%emt 0:02:35]} 35. dxe6 {[%emt 0:00:02]} Ra4 {[%emt 0:02:17]} 36. d5 {[%emt 0:00:45]} Kf8 {[%emt 0:01:09]} 37. d6 {[%emt 0:00:44]} Ke8 {[%emt 0:03:00]} 38. Bc3 {[%emt 0:00:18]} Ra7 {[%emt 0:02:07]} 39. d7+ {[%emt 0:01:07]} Rxd7 40. exd7+ {[%emt 0:00:11]} Kxd7 {[%emt 0:00:18]} 41. Kf2 {[%emt 0:00:10]} Kc6 {[%emt 0:00:18]} 42. Bb4 {[%emt 0:00:49]} Kd5 {[%emt 0:00:29]} 43. Ke2 {[%emt 0:00:29]} Kd4 {[%emt 0:00:56]} 44. Kd2 {[%emt 0:00:20]} f4 {[%emt 0:00:27]} 45. Be7 {[%emt 0:00:30]} c3+ {[%emt 0:02:54]} 46. Kc2 {[%emt 0:00:17]} Ke3 {[%emt 0:01:03]} 47. Kxc3 {[%emt 0:00:08]} Kf2 {[%emt 0:00:16]} 48. Bxg5 {[%emt 0:00:06]} Kxg2 {[%emt 0:00:13]} 49. Bxf4 {[%emt 0:00:06]} Kxf3 {[%emt 0:00:05]} 50. Be5 {[%emt 0:01:40]} Ke4 {[%emt 0:01:01]} 1/2-1/2